000 00504nmm a2200169Ia 4500
008 251105s9999||||xx |||||||||||||||||und||
020 _a9781612361017
041 _aspa
100 _aSarfatti, Esther
245 0 _aFiguras : Rectángulos = Shapes : Rectangles
264 _a[Madrid, España] :
_bRourke Educational Media,
_c2008
300 _a24 páginas
490 _aConceptos / Concepts
650 _aAges 3-5 Years Old
856 _uhttps://public.digitaliapublishing.com/a/24727
942 _cCF
999 _c75054
_d75054